000 00570nam a2200217Ia 4500
003 OSt
005 20251113124934.0
008 210210b2018 xxu||||| |||| 00| 0 eng d
020 _a8186761470
040 _cAL
041 _aKannada
082 _aK894.8 RAHN
100 _aRAHUL DAYALU
_dರಾಹುಲ್ ದಯಾಳು
_9245429
245 _aNadedata
_b ನಡೆದಾಟ
260 _aBengaluru
_bAnkura Prakashana
_c2018
300 _a222
650 _aNadedata
_9245430
690 _aKannada Miscellaneous
_9245431
906 _a072375
942 _2ddc
_cBK
999 _c122343
_d122343